Central Library OPAC University of Rajshahi

প্রবন্ধ সংগ্রহ / (Record no. 76282)

MARC details
000 -LEADER
fixed length control field 01034nam a2200253 a 4500
001 - CONTROL NUMBER
control field 76282
003 - CONTROL NUMBER IDENTIFIER
rucl marc code BD-RjUL
005 - DATE AND TIME OF LATEST TRANSACTION
control field 20211209082824.0
008 - FIXED-LENGTH DATA ELEMENTS--GENERAL INFORMATION
fixed length control field 191119r19681965pk ||||| |||| 00| 0dben d
020 ## - INTERNATIONAL STANDARD BOOK NUMBER
Terms of availability : PRs. 7.00
035 ## - SYSTEM CONTROL NUMBER
System control number (BD-RjUL)76503
040 ## - CATALOGING SOURCE
Original cataloging agency BD-RjUL
Language of cataloging ben/eng
Transcribing agency BD-RjUL
Modifying agency BD-RjUL
041 ## - LANGUAGE CODE
Language code of text/sound track or separate title ben
082 ## - DEWEY DECIMAL CLASSIFICATION NUMBER
Edition number 23
Classification number 891.44408
Author mark and year DAP 1965-68
110 1# - MAIN ENTRY--CORPORATE NAME
Corporate name or jurisdiction name as entry element ঢাকা বিশ্ববিদ্যালয় ।
9 (RLIN) 126318
245 10 - TITLE STATEMENT
Title প্রবন্ধ সংগ্রহ /
Statement of responsibility, etc. ঢাকা বিশ্ববিদ্যালয় ।
250 ## - EDITION STATEMENT
Edition statement ২য় সং.
260 ## - PUBLICATION, DISTRIBUTION, ETC. (IMPRINT)
Place of publication, distribution, etc. ঢাকা :
Name of publisher, distributor, etc. ঢাকা বিশ্ববিদ্যালয়,
Date of publication, distribution, etc. ১৯৬৫ [প্রকাশ ১৯৬৮]
300 ## - PHYSICAL DESCRIPTION
Pagination [৬], ৩৬৩, [১] পৃ. ;
Size ২১ সেমি.
500 ## - GENERAL NOTE
General note " বি-এ শ্রেণীর পাঠ্য "
650 ## - SUBJECT ADDED ENTRY--TOPICAL TERM
Topical term or geographic name as entry element বাংলা প্রবন্ধ
General subdivision সংগ্রহ
9 (RLIN) 235149
Topical term or geographic name as entry element Bengali Essays
General subdivision Collection
9 (RLIN) 235150
942 ## - ADDED ENTRY ELEMENTS (KOHA)
Source of classification or shelving scheme Dewey Decimal Classification
Koha item type Books
Holdings
Lost status Source of classification or shelving scheme Damaged status Not for loan Collection code Permanent Location Current Location Shelving location Date acquired Source of acquisition Total Checkouts Full call number Date last seen Copy number Koha item type
  Dewey Decimal Classification   Not For Loan Fiction Central Library, University of Rajshahi Central Library, University of Rajshahi Reading Room 10/02/1967 Nawrose   B 891.44408 DAP 1965 19/11/2019 C-1 Books
  Dewey Decimal Classification     Fiction Central Library, University of Rajshahi Central Library, University of Rajshahi   10/02/1967 Nawrose   B 891.44408 DAP 1965 19/11/2019 C-2 Books
  Dewey Decimal Classification     Fiction Central Library, University of Rajshahi Central Library, University of Rajshahi   10/02/1967 Nawrose   B 891.44408 DAP 1965 19/11/2019 C-3 Books
  Dewey Decimal Classification     Fiction Central Library, University of Rajshahi Central Library, University of Rajshahi   19/11/2019     B 891.44408 DAP 1968 19/11/2019 C-4 Books